| 000 | 00970nam a2200229Ia 4500 | ||
|---|---|---|---|
| 003 | OSt | ||
| 005 | 20210503121844.0 | ||
| 008 | 210310s1992 ck ad gr 000 0 spa d | ||
| 040 |
_aCO-JMCR _cCO-JMCR |
||
| 041 | 0 | _aspa | |
| 082 | 0 | 4 |
_a334 / _bD419p _223 |
| 110 | 2 |
_aDepartamento Administrativo Nacional de Cooperativas - DANCOOP _937365 |
|
| 245 | 1 | 0 |
_aLa política para el desarrollo de economía solidaria / _cDepartamento Administrativo Nacional de Cooperativas - DANCOOP |
| 250 | _aPrimera edición | ||
| 260 |
_aBogotá : _bDancoop, _c1992 |
||
| 300 |
_a[104] páginas : _bilustraciones y gráficas a blanco y negro ; _c23 cm. |
||
| 500 | _a"Documentos de economía solidaria"--Tapa | ||
| 504 | _aBibliografía: páginas 77-79 | ||
| 505 | 0 | _aEconomía solidaria como instrumento de desarrollo -- Diagnostico -- Marco institucional -- Políticas para el desarrollo del sector de economía solidaria | |
| 650 | 1 | 4 |
_aEconomía solidaria _915453 |
| 942 |
_2ddc _cBK |
||
| 999 |
_c7785 _d7785 |
||